Представление документа в формате RUSMARC

ПолеНазваниеЗначение
  Тип записи a
  Библиографический уровень c
001 Контрольный номер RU/SLIB/B/208736777
005 Дата корректировки 20201206204041.2
010 Индекс ISBN __
d Цена 1-30
101 Язык документа __
a Язык текста rus
200 Заглавие и сведения об ответственности __
a Заглавие Космос
e Сведения, относящиеся к заглавию науч.-художеств. сб.
f Первые сведения об ответственности сост.: Ю. И. Коптев, С. А. Никитин
b Общее обозначение материала Текст
210 Выходные данные __
a Место издания Л.
c Издательство Дет. лит.
d Дата издания 1982
215 Физическое описание __
a Объем 175 с.
606 Тематические рубрики __
a Основная рубрика Космонавтика в целом
610 Ключевые слова __
a Ключевые слова космос
686 Индексы других классификаций __
a Классификационный индекс 39.6; ст39.6
801 Источник записи _0
a Страна RU
b Организация Муниципальное бюджетное учреждение культуры "Централизованная библиотечная система" г. Сургут (Центральная городская библиотека им. А. С. Пушкина)
g Правила каталогизации КиК/Елгина
801 Источник записи _1
a Страна RU
b Организация Муниципальное бюджетное учреждение культуры "Централизованная библиотечная система" г. Сургут (Центральная городская библиотека им. А. С. Пушкина)
g Правила каталогизации КиК/Елгина
852 Данные о местонахождении __
j Шифр хранения 39.6
c Каталожный индекс 39.6
i Авторский знак К 71
p Инвентарный номер 17329
901 Тип документа __
t Тип документа x
969 Тип издания __
a Тип издания сборник
990 Данные о заказе (DOS) __
j Количество экземпляров (DOS) 1